The Journal of transport history (Record no. 114200)

MARC details
000 -LEADER
fixed length control field 01618cas a22003495a 4500
001 - CONTROL NUMBER
control field vtls003132663
003 - CONTROL NUMBER IDENTIFIER
control field MY-SjTCS
005 - DATE AND TIME OF LATEST TRANSACTION
control field 20200207085233.0
006 - FIXED-LENGTH DATA ELEMENTS--ADDITIONAL MATERIAL CHARACTERISTICS
fixed length control field m d ||||||
007 - PHYSICAL DESCRIPTION FIXED FIELD--GENERAL INFORMATION
fixed length control field cr anunnnuuuaa
008 - FIXED-LENGTH DATA ELEMENTS--GENERAL INFORMATION
fixed length control field 751101c19539999enkfx p 0 a0eng
022 ## - INTERNATIONAL STANDARD SERIAL NUMBER
International Standard Serial Number 0022-5266
035 ## - SYSTEM CONTROL NUMBER
System control number (EbpS)ebs566855
039 #9 - LEVEL OF BIBLIOGRAPHIC CONTROL AND CODING DETAIL [OBSOLETE]
Level of rules in bibliographic description 201211211726
Level of effort used to assign nonsubject heading access points izani
-- 200812260840
-- VLOAD
050 00 - LIBRARY OF CONGRESS CALL NUMBER
Classification number HE1
Item number .J6
245 04 - TITLE STATEMENT
Title The Journal of transport history
Medium [electronic resource].
260 ## - PUBLICATION, DISTRIBUTION, ETC.
Place of publication, distribution, etc. [Leicester] :
Name of publisher, distributor, etc. University College of Leicester,
Date of publication, distribution, etc. [1953-
310 ## - CURRENT PUBLICATION FREQUENCY
Current publication frequency Two issues yearly
362 0# - DATES OF PUBLICATION AND/OR SEQUENTIAL DESIGNATION
Dates of publication and/or sequential designation Vol. 1, no. 1 (May 1953)-v. 7, no. 4 (Nov. 1966); New. ser. v. 1, no. 1 (Feb. 1971)-v. 5, no. 2 (Sept. 1979); 3rd ser. v. 1, no. 1 (Sept. 1980)-
500 ## - GENERAL NOTE
General note Title from cover.
500 ## - GENERAL NOTE
General note Published: University College of Leicester, 1953-1956; Leicester University Press, 1957-1979; Manchester University Press, 1980-
500 ## - GENERAL NOTE
General note Academic Journal
529 ## -
-- TSLHHL
530 ## - ADDITIONAL PHYSICAL FORM AVAILABLE NOTE
Additional physical form available note Online version of print publication.
650 #0 - SUBJECT ADDED ENTRY--TOPICAL TERM
Topical term or geographic name entry element Transportation
Form subdivision Periodicals.
650 #0 - SUBJECT ADDED ENTRY--TOPICAL TERM
Topical term or geographic name entry element Transportation
Geographic subdivision Great Britain
Form subdivision Periodicals.
710 2# - ADDED ENTRY--CORPORATE NAME
Corporate name or jurisdiction name as entry element University College of Leicester.
710 2# - ADDED ENTRY--CORPORATE NAME
Corporate name or jurisdiction name as entry element Leicester University Press.
710 2# - ADDED ENTRY--CORPORATE NAME
Corporate name or jurisdiction name as entry element Manchester University Press.
773 0# - HOST ITEM ENTRY
Title Academic Source Complete
Place, publisher, and date of publication Ipswich, MA : EBSCO Publishing, 1999-
856 40 - ELECTRONIC LOCATION AND ACCESS
Materials specified Full text available: Mar 2000-.
Public note Available on EBSCOhost.
Uniform Resource Identifier https://ezproxy.taylors.edu.my/login?url=https://search.ebscohost.com/direct.asp?db=a9h&jid=8D7
Holdings
Withdrawn status Lost status Damaged status Not for loan Home library Current library Date acquired Total Checkouts Date last seen Price effective from Koha item type
      e-journal Taylor's Library-TU Taylor's Library-TU 10/12/2025   10/12/2025 10/12/2025 Journals